Camino de perfección: pasión mística

Uloženo v:
Podrobná bibliografie
Hlavní autor: Baroja, Pio (Autor)
Médium: Kniha
Jazyk:španělština
Vydáno: Santiago Universitaria 1968
Vydání:3a. ed
Edice:Escritos de otra orilla
Témata:
Tagy: Přidat tag
Žádné tagy, Buďte první, kdo vytvoří štítek k tomuto záznamu!

MARC

LEADER 00000nam a2200000 a 4500
001 UCX0041
003 CL-VaPUC
005 20231116095201.0
008 890724e19680000CL |||||||||||||||||spa|d
999 |c 221818  |d 221816 
040 |c Pontificia Universidad Católica de Valparaíso 
082 0 4 |a 863  |b BAR  |2 21 
100 |a Baroja, Pio  |e author  |9 319778 
245 1 0 |a Camino de perfección: pasión mística 
250 |a 3a. ed 
260 |a Santiago  |b Universitaria  |c 1968 
300 |a 175 p 
490 0 |a Escritos de otra orilla 
583 |a last modification  |c 19890724 00:00:00  |k Rodrigo Vera 
650 0 |a Novelas españolas  |9 265052  |x Ficción 
942 |c BK  |2 ddc 
945 |d 19890724 00:00:00 
952 |0 0  |1 0  |4 0  |6 863_000000000000000_BAR_1968  |7 0  |8 R  |9 215711  |a BIBEDU  |b BIBEDU  |c MCIRC  |d 2019-11-15  |i 2841657  |o 863 BAR 1968  |p 2841657  |r 2023-01-13  |w 2019-11-15  |y BK_R  |k LIT 
952 |0 0  |1 0  |4 0  |6 863_000000000000000_BAR_1968  |7 0  |8 R  |9 215712  |a BIBEDU  |b BIBEDU  |d 2019-11-15  |i 2841673  |o 863 BAR 1968  |p 2841673  |r 2023-01-13  |w 2019-11-15  |y BK_R  |k LIT 
952 |0 0  |1 0  |4 0  |6 863_000000000000000_BAR_1968  |7 0  |8 R  |9 215713  |a BIBEDU  |b BIBEDU  |c MCIRC  |d 2019-11-15  |i 1932918  |o 863 BAR 1968  |p 1932918  |r 2023-01-13  |w 2019-11-15  |y BK_R  |k LIT